Celebrity Couples 2012 Quiz Stats

Quiz Updated Jan 1, 2013

Challenge
Share
Tweet
Score 0/24 Timer 04:00
3 Plays Today
% Correct
Brad Pitt
97.8%
Jay-Z
95.7%
Ben Affleck
83.9%
Justin Timberlake
83.1%
Michael Douglas
82.3%
Keith Urban
78.9%
Matthew Broderick
77.8%
Tim McGraw
74.8%
Tom Brady
73.9%
Chris Martin
73.7%
Ryan Reynolds
68.6%
Tom Hanks
68.1%
% Correct
Blake Shelton
65.3%
David Bowie
61%
Javier Bardem
60.8%
Kevin Bacon
60.3%
Warren Beatty
60.3%
Andrew Garfield
58.4%
William H. Macy
54.8%
Daniel Craig
53.6%
Ryan Gosling
51%
John Krasinski
50.9%
Jason Sudeikis
43.9%
Peter Sarsgaard
40.8%

You're not logged in!

Compare scores with friends on all Sporcle quizzes.
Sign Up with Email
OR
Log In

You Might Also Like...

Show Comments

Extras

Top Quizzes Today


Score Distribution

Your Account Isn't Verified!

In order to create a playlist on Sporcle, you need to verify the email address you used during registration. Go to your Sporcle Settings to finish the process.